Miejscowości i ich surowce - Statystyki

Ogólne statystyki
  • Ten quiz został rozwiązany 102 razy
    93 od ostatniego zresetowania
  • Średni wynik to 11 z 35
Statystyki odpowiedzi
Hint Odpowiedź % Poprawnych
Bogatynia węgiel brunatny
63%
Konin węgiel brunatny
60%
Bytom węgiel kamienny
60%
Tarnobrzeg (już zaprzestano wydobycia) siarka
57%
Bogdanka węgiel kamienny
57%
Konin węgiel brunatny
50%
Rybnik węgiel kamienny
50%
Wałbrzych węgiel kamienny
50%
Jastrzębie-Zdrój węgiel kamienny
43%
Głogów miedź
40%
Inowrocław sól kamienna
40%
Lubin miedź
37%
Jasło ropa naftowa
37%
Turek węgiel brunatny
37%
Krosno ropa naftowa
33%
Kłodawa sól kamienna
33%
Piekary Śląskie węgiel kamienny
33%
Osiek siarka
30%
Polkowice miedź
27%
Głogów srebro
27%
Koło węgiel brunatny
27%
Olkusz miedź
23%
Turoszów węgiel brunatny
23%
Strzelin granit
20%
Rudna miedź
20%
Kielce wapienie
20%
Trzebinia węgiel kamienny
20%
Strzegom granit
17%
Puck sól potasowa
17%
Annopol fosforyty
13%
Szklary nikiel
13%
Góra sól kamienna
13%
Żuchlów gaz ziemny
10%
Małogoszcz wapienie
10%
Nowiny wapienie
7%
Nie znaleziono quizów pasujących do podanych kryteriów
Rozkład punktacji
Procent ludzi z każdym wynikiem
Percentyl według liczby udzielonych odpowiedzi
Twoja historia wyników
Nie rozwiązałeś tego quizu od ostatniego zresetowania